000 00966nam a22002897a 4500
001 0074
003 DO-SdBPM
005 20250813102111.0
007 ta
008 150925b2004 it | |||| 00| 0 spa d
020 _a8888405402
040 _aDO-SdBPM
_bspa
_cBPMSU
_erda
082 4 _a372.674
_bZ39s 2004
_222
100 1 _aZavalloni, Gianfranco
_eautor
245 1 0 _a Señoras y señores :
_b¡los títeres! /
_c Gianfranco Zavalloni y Flavio Tontini ; traducción Gioia Minuti
260 _a
_b
_c
264 _aItalia :
_bEditorial Arci Solidarieta,
_c2004
300 _a80 páginas :
_bilustraciones,
_c 18 cm.
_e
336 _atexto
_btxt
_2rdacontent
337 _asin mediacón
_bn
_2rdamedia
338 _avolumen
_bnc
_2rdacarrier
590 _aInventariado, 2025/VM
650 7 _aTíteres y teatro de títeres en educación
_v Manuales
700 1 _aTontini, Flavio
_eautor
910 _aVMateo V. Control de calidad BPMSU
942 _2ddc
_cBK
999 _c15329
_d15329